000 00978cam a2200265 4500
001 M27
008 090401t1991 xxu||||| |||| 00| 0 eng d
035 _a(Sirsi) u39436
041 _aeng
050 _a333.0072
090 _aRICS 1991/19ABC
110 _aInstitution and College Conferences
_92330
245 4 _aThe first national RICS research conference. Trends, techniques and technologies. Held at Barbican Centre and City University 10-11 January 1991
260 _aLondon
_bICC
_c1991
300 _a4 items
350 _a0
520 _aArchive copy contains synopses of 32 papers, programme, attendance list and biographical details of speakers. B copy contains synopses only.. No full papers were printed.
650 _aBUILDING INDUSTRY
650 _aMANAGEMENT-BUSINESS MANAGEMENT-INFORMATION MANAGEMENT
650 _aPROPERTY
650 _aRESEARCH
710 _aRoyal Institution of Chartered Surveyors
_94900
942 _n0
948 _c04/03/1997
999 _c90773
_d90773